00220nam a2200097Ia 4500008004100000041000800041082001200049100001000061245002600071260002500097231212s1976 xx 000 0 und d aeng a621.381 aBajaj aEngineers Technicians aDelhibNew Heic1976